| 000 | 00587nam a2200181 a 4500 | ||
|---|---|---|---|
| 001 | 000026377 | ||
| 005 | 20200930024537.0 | ||
| 008 | 110315s1990 dr c 000 0 spa d | ||
| 040 |
_aDO-SdBNP _bspa _cBNPHU |
||
| 082 |
_axxx _bM433i |
||
| 100 | 1 |
_aMatos Cordero, Libio Amaury _953405 |
|
| 245 | 1 | 4 |
_aLos ideales de Nelson Mandela / _cLibio Amaury Matos Cordero. |
| 260 |
_aSanto Domingo : _bTaller, _c1990. |
||
| 300 |
_a167 p. : _bretrs. ; _c21 cm. |
||
| 500 | _aIncluye datos biográficos del autor en la contracubierta. | ||
| 500 | _aIncluye notas al pie de páginas | ||
| 049 | _aBNPD | ||
| 999 |
_c25869 _d25869 |
||